000
00283nas a22001097a 4500
999
_c
121234
_d
121234
007
ta
008
180320b ||||| |||| 00| 0 eng d
041
_a
eng
100
_a
Waite, RIchard
245
_a
Coronavirus survey:
_b
Profession shifts to home-working
651
_a
United Kingdom 1973